Structural models : an introduction to the theory of directed graphs /
Guardado en:
| Autor Principal: | |
|---|---|
| Otros Autores: | , |
| Formato: | Libro |
| Idioma: | English |
| Publicado: |
New York :
Wiley,
[1965]
|
| Materias: | |
| Etiquetas: |
Agregar Etiqueta
Sin Etiquetas, Sea el primero en etiquetar este registro!
|
| LEADER | 00778cam a22002171a 4500 | ||
|---|---|---|---|
| 001 | MAT.inmabb005715 | ||
| 008 | 711018s1965####nyua#####b####000#0#eng## | ||
| 005 | 20130225111944.0 | ||
| 245 | 1 | 0 | |a Structural models : |b an introduction to the theory of directed graphs / |c [by] Frank Harary, Robert Z. Norman [and] Dorwin Cartwright. |
| 260 | |a New York : |b Wiley, |c [1965] | ||
| 300 | |a ix, 415 p. : |b il. ; |c 24 cm. | ||
| 504 | |a Bibliografía: p. 392-395. | ||
| 510 | 4 | |a MR, |c 32 #2345 | |
| 100 | 1 | |a Harary, Frank. | |
| 700 | 1 | |a Norman, Robert Z. |q (Robert Zane), |d 1924- | |
| 700 | 1 | |a Cartwright, Dorwin. | |
| 650 | 0 | |a Social sciences |x Mathematical models. | |
| 084 | |a 05C20 |2 msc2000 | ||
| 010 | |a 65012710 | ||
| 040 | |a DLC |c ODaWU |d OCoLC |d Uk |d DLC | ||
| 859 | |h 05 |i H254 |p A-2913 |b BIB. MATEMATICA | ||
